000 00250nam a2200097Ia 4500
082 _aJ|597.3|TRU
245 0 _aSharks
100 _a TRUEIT, Trudi Strain New York, 2009
_971042
942 _cBK
008 210817s9999 xx 000 0 und d
999 _c230961
_d230959